Una mirada global sobre el maltrato y el abuso sexual a niñas, niños y adolescentes (Record no. 112834)

MARC details
000 -CABECERA
campo de control de longitud fija 00556nab a2200205 a 4500
005 - FECHA Y HORA DE LA ÚLTIMA TRANSACCIÓN
campo de control 20210219155216.0
008 - ELEMENTOS DE LONGITUD FIJA--INFORMACIÓN GENERAL
campo de control de longitud fija 991125s1985 mx 000 0 spa u
035 ## - NÚMERO DE CONTROL DEL SISTEMA
Número de control de sistema UPN01000140686
100 1# - ASIENTO PRINCIPAL--NOMBRE PERSONAL
Nombre de persona Garaventa, Jorge
222 ## - TÍTULO CLAVE
Título clave ENSAYOS Y EXPERIENCIAS
245 ## - MENCIÓN DE TÍTULO
Título Una mirada global sobre el maltrato y el abuso sexual a niñas, niños y adolescentes
260 ## - PUBLICACIÓN, DISTRIBUCIÓN, ETC.
Lugar de publicación, distribución, etc. México
300 ## - DESCRIPCIÓN FÍSICA
Extensión 63-87
362 0# - FECHAS DE PUBLICACIÓN Y/O DESIGNACIÓN SECUENCIAL
Fecha de publicación y/o designación secuencial 2005 No. 57
653 0# - TERMINO DE INDIZACION - NO CONTROLADO
Término no controlado ABUSO SEXUAL
653 0# - TERMINO DE INDIZACION - NO CONTROLADO
Término no controlado NIÑOS
653 0# - TERMINO DE INDIZACION - NO CONTROLADO
Término no controlado ADOLESCENTES
653 0# - TERMINO DE INDIZACION - NO CONTROLADO
Término no controlado MALTRATO FISICO
905 ## - TIPO DE MATERIAL
Tipo de material Articulo

No items available.